Normal view MARC view
  • Malay

Entry Topical Term

Number of records used in: 1

001 - CONTROL NUMBER

  • control field: 493

003 - CONTROL NUMBER IDENTIFIER

  • control field: OSt

005 - DATE AND TIME OF LATEST TRANSACTION

  • control field: 20170427085038.0

008 - FIXED-LENGTH DATA ELEMENTS

  • fixed length control field: 170427|| aca||aabn | a|a d

040 ## - CATALOGING SOURCE

  • Original cataloging agency: OSt
  • Transcribing agency: OSt

150 ## - HEADING--TOPICAL TERM

  • Topical term or geographic name entry element: Malay
  • General subdivision: Politics and government

670 ## - SOURCE DATA FOUND

  • Source citation: Work cat.: (OSt)0: Ramlah Adam, 1950- 492, Kemelut politik Semenanjung Tanah Melayu /, 1998
Pusat Sumber Maklumat Dato' Haji Sarmin Md Hussin, Akademi Kastam Diraja Malaysia, Melaka
Tel: 06-2331106 | Faks: 06-2313787